000 01219nam0a22002891 4500
001 rc\4543528
005 20130416183031.8
021 _aRU
_b[60-74421]
035 _a(NLR Aleph) 008636977
090 _a8918249
_c8918249
100 _a20130416d1960 |||y0rusy50 ca
101 0 _arus
102 _aRU
105 _aa z |||||
200 1 _aСкоростное строительство пятиэтажного 76-квартирного дома из крупных блоков
_e(Опыт треста "Тулметаллургуглестрой")
_fСовет нар. хозяйства Тул. экон. адм. района. ЦБТИ. Комбинат "Углеметаллургстрой"
210 _aТула
_cБ. и.
_d1960
215 _a24 с.
_cил.
_d20
300 _aПеред загл. авт.: С.Г. Комаров, В.Н. Мызников, И.М. Шарапов
606 _aЖилые здания, крупноблочные
_xПостройка
_2psbo
700 1 _aКомаров
_bС. Г.
701 1 _aМызников
_bВ. Н.
701 1 _aШарапов
_bИ. М.
801 0 _aRU
_bNLR
_gpsbo
801 1 _aRU
_bELAR
_2rusmarc
852 _aNLR
_j60-4/13770
942 _cBOOK
980 _aNB